Gaming Quiz

Random Gaming or Pokémon Quiz
Score 0/251 Timer 20:00
0 Plays Today
Dex Pokemon % Correct
001Bulbasaur
95.1%
004Charmander
94.7%
002Ivysaur
94.2%
006Charizard
94.1%
007Squirtle
94.1%
005Charmeleon
93.8%
009Blastoise
93.7%
025Pikachu
93.6%
003Venusaur
93.4%
008Wartortle
93.4%
016Pidgey
93.1%
010Caterpie
93%
012Butterfree
92.9%
013Weedle
92.9%
151Mew
92.8%
018Pidgeot
92.7%
026Raichu
92.7%
015Beedrill
92.6%
150Mewtwo
92.6%
011Metapod
92.6%
017Pidgeotto
92.5%
014Kakuna
92.4%
019Rattata
91.6%
149Dragonite
91.3%
147Dratini
91.3%
144Articuno
91.2%
145Zapdos
91.2%
020Raticate
91.2%
021Spearow
91.2%
022Fearow
91.1%
146Moltres
91.1%
148Dragonair
91%
133Eevee
90.9%
158Totodile
90.8%
152Chikorita
90.5%
074Geodude
90.5%
155Cyndaquil
90.5%
135Jolteon
90.5%
136Flareon
90.5%
134Vaporeon
90.4%
023Ekans
90.2%
029Nidoran ♀
90.2%
032 Nidoran ♂
90.2%
095Onix
90.1%
039Jigglypuff
90%
034Nidoking
89.9%
031Nidoqueen
89.9%
024Arbok
89.9%
092Gastly
89.9%
030Nidorina
89.8%
063Abra
89.8%
043Oddish
89.7%
033Nidorino
89.7%
093Haunter
89.7%
094Gengar
89.7%
076Golem
89.7%
153Bayleef
89.6%
035Clefairy
89.6%
044Gloom
89.6%
075Graveler
89.5%
064Kadabra
89.4%
065Alakazam
89.3%
129Magikarp
89.2%
040Wigglytuff
89.2%
036Clefable
89.1%
045Vileplume
89%
143Snorlax
89%
066Machop
88.9%
124Jynx
88.9%
041Zubat
88.8%
067Machoke
88.8%
126Magmar
88.8%
068Machamp
88.7%
069Bellsprout
88.7%
125Electabuzz
88.6%
058Growlithe
88.6%
059Arcanine
88.6%
157Typhlosion
88.5%
037Vulpix
88.4%
123Scyther
88.4%
042Golbat
88.4%
250Ho-Oh
88.3%
070Weepinbell
88%
208Steelix
88%
Dex Pokemon % Correct
140Kabuto
87.9%
156Quilava
87.9%
172Pichu
87.7%
130Gyarados
87.7%
131Lapras
87.7%
027Sandshrew
87.6%
249Lugia
87.6%
141Kabutops
87.5%
060Poliwag
87.4%
071Victreebel
87.4%
028Sandslash
87.4%
154Meganium
87.3%
159Croconaw
87.3%
038Ninetales
87.3%
061Poliwhirl
87.3%
100Voltorb
87.2%
106Hitmonlee
87.1%
142Aerodactyl
87.1%
081Magnemite
87.1%
160Feraligatr
87%
107Hitmonchan
87%
062Poliwrath
87%
101Electrode
86.8%
082Magneton
86.7%
138Omanyte
86.7%
052Meowth
86.6%
118Goldeen
86.6%
139Omastar
86.4%
116Horsea
86.4%
137Porygon
86.3%
117Seadra
86.3%
050Diglett
86.2%
119Seaking
86.2%
053Persian
86.2%
197Umbreon
86.1%
128Tauros
86.1%
113Chansey
86.1%
051Dugtrio
86%
196Espeon
86%
109Koffing
85.8%
120Staryu
85.7%
077Ponyta
85.7%
110Weezing
85.7%
089Muk
85.6%
121Starmie
85.5%
163Hoothoot
85.5%
078Rapidash
85.5%
088Grimer
85.3%
086Seel
85.3%
079Slowpoke
85.2%
080Slowbro
85.1%
122Mr. Mime
85%
087Dewgong
84.9%
239Elekid
84.8%
048Venonat
84.6%
244Entei
84.6%
127Pinsir
84.6%
056Mankey
84.6%
049Venomoth
84.5%
164Noctowl
84.4%
161Sentret
84.4%
132Ditto
84.3%
083Farfetch'd
84.2%
111Rhyhorn
84%
240Magby
84%
057Primeape
84%
112Rhydon
84%
115Kangaskhan
83.8%
054Psyduck
83.8%
174Igglybuff
83.8%
169Crobat
83.7%
248Tyranitar
83.7%
251Celebi
83.7%
055Golduck
83.5%
162Furret
83.5%
046Paras
83.4%
246Larvitar
83.4%
090Shellder
83.3%
091Cloyster
83.3%
245Suicune
83.2%
173Cleffa
83.2%
072Tentacool
83.1%
084Doduo
83.1%
047Parasect
83%
Dex Pokemon % Correct
073Tentacruel
83%
096Drowzee
82.7%
097Hypno
82.5%
085Dodrio
82.4%
114Tangela
82.2%
247Pupitar
82.2%
199Slowking
82.1%
243Raikou
82.1%
212Scizor
82.1%
230Kingdra
81.8%
237Hitmontop
81.8%
098Krabby
81.3%
099Kingler
80.9%
167Spinarak
80.7%
104Cubone
80.3%
102Exeggcute
80%
103Exeggutor
79.9%
175Togepi
79.9%
238Smoochum
79.9%
105Marowak
79.8%
179Mareep
79.6%
168Ariados
79.1%
108Lickitung
78.7%
242Blissey
78%
229Houndoom
77.9%
186Politoed
77.7%
165Ledyba
77.6%
228Houndour
77.3%
182Bellossom
77.3%
181Ampharos
76.9%
236Tyrogue
76.8%
241Miltank
76.7%
176Togetic
76.6%
180Flaaffy
76%
233Porygon2
76%
166Ledian
75.9%
214Heracross
73.5%
198Murkrow
73.5%
177Natu
73.3%
178Xatu
73.1%
185Sudowoodo
72.5%
201Unown
72.2%
220Swinub
72.2%
221Piloswine
71.8%
227Skarmory
71.5%
200Misdreavus
71.1%
187Hoppip
71.1%
171Lanturn
70.7%
204Pineco
70.6%
183Marill
70.4%
191Sunkern
70.3%
170Chinchou
70.3%
231Phanpy
70.2%
194Wooper
70.1%
192Sunflora
70.1%
216Teddiursa
69.8%
189Jumpluff
69.6%
217Ursaring
69.6%
188Skiploom
69.6%
223Remoraid
69.4%
215Sneasel
69.2%
195Quagsire
69.1%
232Donphan
69.1%
184Azumarill
69%
226Mantine
68.9%
218Slugma
68.4%
224Octillery
68.4%
205Forretress
68.2%
225Delibird
67.1%
203Girafarig
66.7%
209Snubbull
66.1%
210Granbull
66%
219Magcargo
65.7%
234Stantler
65.6%
202Wobbuffet
65.6%
222Corsola
65.6%
193Yanma
65.1%
235Smeargle
65%
207Gligar
64.7%
206Dunsparce
64.5%
213Shuckle
63.6%
190Aipom
62.9%
211Qwilfish
61.7%
Remove Ads.
Support Sporcle.
Get the best of Sporcle when you Go Orange. This ad-free experience offers more features, more stats, and more fun while also helping to support Sporcle. Thank you for becoming a member.

You're not logged in!

Compare scores with friends on all Sporcle quizzes.
OR
Log In

Show Comments

Extras

Created Dec 26, 2012SourceReportNominate
Tags:Pokémon Quiz

Top Quizzes Today


Score Distribution

Your Account Isn't Verified!

In order to create a playlist on Sporcle, you need to verify the email address you used during registration. Go to your Sporcle Settings to finish the process.

Report this User

Report this user for behavior that violates our Community Guidelines.

Details: